|
|
|
|
| LEADER |
00000nam a2200000 a 4500 |
| 001 |
UCG4699 |
| 003 |
CL-VaPUC |
| 008 |
101118e20100000AG |||||||||||||||||spa|d |
| 020 |
|
|
|a 9789875001428
|
| 082 |
0 |
4 |
|a 194
|b DER
|2 21
|
| 100 |
|
|
|a Derrida, Jacques
|d 1930-2004
|e author
|9 449254
|
| 245 |
1 |
0 |
|a Seminario la bestia y el soberano
|
| 250 |
|
|
|a 1a. ed
|
| 300 |
|
|
|a v
|
| 942 |
|
|
|c BK
|
| 945 |
|
|
|d 20101118 00:00:00
|a mfarfan
|
| 260 |
|
|
|a Buenos Aires
|b Manantial
|c 2010
|
| 500 |
|
|
|a v.1: 2001-2002
|
| 650 |
|
0 |
|a Filosofía contemporánea
|9 265372
|
| 650 |
|
0 |
|a Filósofos franceses
|9 314621
|
| 650 |
|
0 |
|a Filosofía francesa
|9 255698
|
| 583 |
|
|
|a last modification
|c 20101118 00:00:00
|k Rodrigo Vera
|
| 999 |
|
|
|c 343365
|d 343363
|
| 952 |
|
|
|0 0
|1 0
|4 0
|6 194_000000000000000_DER_2010
|7 0
|8 A
|9 440626
|a FDOPOS
|b FDOPOS
|d 2019-11-22
|h v.1
|i 473694K
|o 194 DER 2010
|p 473694K
|r 2025-01-22
|w 2019-11-22
|y BK
|k DLH
|